|
|
|
|
| LEADER |
00986nab a2200217 i 4500 |
| 001 |
misc61486 |
| 005 |
20230301085146.0 |
| 008 |
221213s1942 hu o 0|| hun d |
| 040 |
|
|
|a SZTE Miscellanea Repozitórium
|b hun
|
| 041 |
|
|
|a hun
|
| 245 |
0 |
0 |
|a Magyarország és a Balkán
|h [elektronikus dokumentum] :
|b a magyar tudomány feladatai Délkeleteurópában
|
| 260 |
|
|
|a Magyar Külügyi Társaság
|b Budapest
|c 1942
|
| 300 |
|
|
|a 112 p.
|c 20 cm
|
| 490 |
0 |
|
|a Láthatár : Kisebbségi kultúrszemle : a külföldi magyarok és középeurópai népek szellemi életének figyelője
|
| 561 |
|
|
|a Németh Gyula hagyaték
|
| 591 |
|
|
|a J 20077/1; NOV 3367; X 179782
|
| 650 |
|
4 |
|a Bölcsészettudományok
|
| 650 |
|
4 |
|a Történettudomány és régészet
|
| 695 |
|
|
|a Balkanisztika - Magyarország - 1942, Kulturális kapcsolatok - magyar-balkáni népek
|
| 700 |
0 |
1 |
|a Gál István
|
| 856 |
4 |
0 |
|u http://misc.bibl.u-szeged.hu/61486/1/3367_nov_m16.pdf
|z Dokumentum-elérés
|